[Event "43rd Biel Festival"]
[Site "Biel SUI"]
[Date "2010.07.21"]
[Round "3"]
[White "Vachier-Lagrave, Maxime"]
[Black "Nguyen Ngoc Truong Son"]
[Result "1/2-1/2"]
[WhiteElo "2723"]
[BlackElo "2617"]
[PlyCount "106"]
[EventDate "2010.07.19"]

1. e4 e6 2. d4 d5 3. Nd2 h6 4. Bd3 c5 5. dxc5 Bxc5 6. Ngf3 Nf6 7. Qe2 O-O 8. O-O Nc6 9. e5 Nd7 10. Nb3 Bb6 11. Bd2 f6 12. exf6 Qxf6 13. c4 Nde5 14. Nxe5 Qxe5 15. Bc3 Qxe2 16. Bxe2 d4 17. Bd2 e5 18. c5 Bc7 19. Bc4+ Kh7 20. Rfe1 Bf5 21. Bd5 Rad8 22. Be4 Bxe4 23. Rxe4 Ne7 24. Ba5 Bxa5 25. Nxa5 Rd5 26. b4 Nc6 27. Nxc6 bxc6 28. Rae1 a5 29. a3 Ra8 30. f3 d3 31. Rd1 axb4 32. axb4 Ra2 33. Re3 Rd4 34. Rexd3 Rxb4 35. R1d2 Rxd2 36. Rxd2 Rc4 37. Rd6 Rxc5 38. h4 h5 39. Kf2 Rc2+ 40. Ke3 Rxg2 41. Rxc6 Rh2 42. Rc5 Rxh4 43. Rxe5 Rh2 44. Kf4 Kh6 45. Kg3 Ra2 46. Re6+ g6 47. Re4 Ra6 48. Re3 Rf6 49. f4 Ra6 50. Rb3 Ra1 51. Rc3 Rg1+ 52. Kf2 Rg4 53. Kf3 Rg1 1/2-1/2

[Event "43rd Biel Festival"]
[Site "Biel SUI"]
[Date "2010.07.27"]
[Round "8"]
[White "Howell, David"]
[Black "Negi, Parimarjan"]
[Result "1-0"]
[WhiteElo "2616"]
[BlackElo "2615"]
[PlyCount "103"]
[EventDate "2010.07.19"]

1. e4 c5 2. c3 d5 3. exd5 Qxd5 4. d4 Nf6 5. Nf3 Bg4 6. dxc5 Qxd1+ 7. Kxd1 e5 8. b4 e4 9. h3 Bh5 10. g4 Nxg4 11. hxg4 Bxg4 12. Nbd2 exf3 13. Nc4 Nc6 14. Bf4 a5 15. Ne5 Bf5 16. Nxc6 bxc6 17. Bh3 O-O-O+ 18. Bd2 Bd7 19. Kc2 Be7 20. Rab1 a4 21. Rbe1 Bf6 22. Bf4 Rhe8 23. Be3 h6 24. Bxd7+ Rxd7 25. Rh3 Red8 26. Rxf3 Rd3 27. Rxf6 gxf6 28. Bxh6 Rf3 29. Be3 f5 30. Bd4 Kd7 31. Kb2 Rf4 32. Ka3 Re4 33. Rh1 Re2 34. Rh6 Rde8 35. Rd6+ Kc7 36. Rf6 R8e7 37. Rxf5 Rc2 38. Rf6 Kb7 39. f4 Re1 40. Kxa4 Rxa2+ 41. Kb3 Rae2 42. Be5 Rb1+ 43. Kc4 Re4+ 44. Kd3 Ree1 45. Rxf7+ Ka6 46. Rc7 Kb5 47. Rb7+ Ka4 48. Kc4 Ka3 49. Rb6 Re4+ 50. Bd4 Rxf4 51. Rxc6 Kb2 52. Rf6 1-0

[Event "43rd Biel Festival"]
[Site "Biel SUI"]
[Date "2010.07.27"]
[Round "8"]
[White "Tomashevsky, Evgeny"]
[Black "Nguyen Ngoc Truong Son"]
[Result "0-1"]
[WhiteElo "2708"]
[BlackElo "2617"]
[PlyCount "90"]
[EventDate "2010.07.19"]

1. c4 e5 2. Nc3 Nc6 3. Nf3 g6 4. d4 exd4 5. Nxd4 Bg7 6. Nxc6 bxc6 7. g3 Ne7 8. Bg2 O-O 9. O-O Rb8 10. Qa4 d6 11. Rd1 c5 12. Qc2 Bf5 13. Qd2 a5 14. b3 a4 15. bxa4 Nc8 16. Bb2 Nb6 17. Bd5 c6 18. a5 Nxd5 19. cxd5 cxd5 20. Na4 d4 21. Nb6 Qe8 22. Re1 Qc6 23. Rac1 Rfe8 24. Ba1 h5 25. f3 Kh7 26. e4 Be6 27. a4 Rxb6 28. axb6 Qxb6 29. a5 Qa7 30. f4 Ra8 31. f5 Bb3 32. Qd3 c4 33. Rxc4 Bxc4 34. Qxc4 Qxa5 35. Rd1 Qa4 36. Qd3 d5 37. exd5 Re8 38. Rf1 Re3 39. fxg6+ fxg6 40. Qd2 Qc4 41. d6 Re2 42. Qf4 Ra2 43. Qe4 Qc5 44. Kh1 Qxd6 45. Rb1 Qf6 {Tomashevsky can do nothing about disaster on the second rank.} 0-1

[Event "43rd Biel Festival"]
[Site "Biel SUI"]
[Date "2010.07.28"]
[Round "9"]
[White "Caruana, Fabiano"]
[Black "Howell, David"]
[Result "1/2-1/2"]
[WhiteElo "2697"]
[BlackElo "2616"]
[PlyCount "52"]
[EventDate "2010.07.19"]

1. d4 Nf6 2. c4 g6 3. f3 Nc6 4. Nc3 d5 5. e4 dxe4 6. d5 Ne5 7. fxe4 Bg7 8. Nf3 Nfd7 9. Be3 O-O 10. Qd2 f5 11. Bh6 Nxf3+ 12. gxf3 Ne5 13. Be2 Bxh6 14. Qxh6 fxe4 15. Nxe4 e6 16. O-O-O Qe7 17. Ng5 exd5 18. Rxd5 Nc6 19. Re1 Qg7 20. Qxg7+ Kxg7 21. a3 h6 22. Ne4 Be6 23. Rd2 Rad8 24. Nc5 Bc8 25. Rxd8 Rxd8 26. Bd3 Rd6 1/2-1/2

[Event "43rd Biel Festival"]
[Site "Biel SUI"]
[Date "2010.07.28"]
[Round "9"]
[White "Nguyen Ngoc Truong Son"]
[Black "Giri, Anish"]
[Result "1-0"]
[WhiteElo "2617"]
[BlackElo "2672"]
[PlyCount "117"]
[EventDate "2010.07.19"]

1. Nf3 Nf6 2. g3 d5 3. Bg2 c6 4. d3 Bg4 5. O-O Nbd7 6. h3 Bh5 7. Qe1 e5 8. e4 dxe4 9. dxe4 Be7 10. Nh4 O-O 11. Nf5 Bc5 12. b4 Bb6 13. Na3 Bg6 14. Nc4 Bxf5 15. exf5 Qe7 16. a4 Nd5 17. Rb1 e4 18. a5 Bd4 19. Qxe4 Qxe4 20. Bxe4 Nc3 21. Bb2 Bxf2+ 22. Rxf2 Nxe4 23. Re2 Nxg3 24. Re7 Nf6 25. Bxf6 gxf6 26. Kf2 Nxf5 27. Rg1+ Kh8 28. Rxb7 Rab8 29. a6 Rxb7 30. axb7 Rb8 31. Na5 Nd6 32. Rd1 Nxb7 33. Nxc6 Rc8 34. b5 Kg7 35. Kf3 Rc7 36. Rd5 f5 37. c4 Kf6 38. c5 Ke6 39. Re5+ Kf6 40. Kf4 Rd7 41. Rxf5+ Ke6 42. Re5+ Kf6 43. Rh5 Nd8 44. Rf5+ Ke6 45. Re5+ Kf6 46. Nxd8 Rxd8 47. c6 Rd1 48. Re8 Rf1+ 49. Kg4 Rc1 50. Kf3 h5 51. Ra8 Rc5 52. Ke4 Re5+ 53. Kd4 Re7 54. Kd5 Re5+ 55. Kd6 Rxb5 56. c7 Rb1 57. c8=Q Rd1+ 58. Kc5 Rc1+ 59. Kd4 1-0